000 00555nam a2200229Ia 4500
003 OSt
005 20220918200256.0
006 a|||||r|||| 00| 0
007 ta
008 220917b |||||||| |||| 00| 0 eng d
024 _a88,127
037 _cTextual
040 _aARTS
_cARTS
_beng
041 _2eng
_aeng
082 _aU11, G6
100 _aWinterbotham H S L
_993382
245 0 _aKey to maps
260 _c1936
650 _aMAPS; GEOGRAPHY
_920557
942 _hU11, G6
_cTEXL
_2CC
999 _c211817
_d211817